<?xml version="1.0" encoding="UTF-8"?><?xml-stylesheet type="text/xsl" href="static/style.xsl"?><OAI-PMH xmlns="http://www.openarchives.org/OAI/2.0/" xmlns:xsi="http://www.w3.org/2001/XMLSchema-instance" xsi:schemaLocation="http://www.openarchives.org/OAI/2.0/ http://www.openarchives.org/OAI/2.0/OAI-PMH.xsd"><responseDate>2026-04-14T04:17:41Z</responseDate><request verb="GetRecord" identifier="oai:www.recercat.cat:2072/279389" metadataPrefix="marc">https://recercat.cat/oai/request</request><GetRecord><record><header><identifier>oai:recercat.cat:2072/279389</identifier><datestamp>2024-12-13T09:32:57Z</datestamp><setSpec>com_2072_96856</setSpec><setSpec>com_2072_96855</setSpec><setSpec>com_2072_96852</setSpec><setSpec>com_2072_2015</setSpec><setSpec>col_2072_96857</setSpec></header><metadata><record xmlns="http://www.loc.gov/MARC21/slim" xmlns:dcterms="http://purl.org/dc/terms/" xmlns:xsi="http://www.w3.org/2001/XMLSchema-instance" xmlns:doc="http://www.lyncode.com/xoai" xsi:schemaLocation="http://www.loc.gov/MARC21/slim http://www.loc.gov/standards/marcxml/schema/MARC21slim.xsd">
   <leader>00925njm 22002777a 4500</leader>
   <datafield ind2=" " ind1=" " tag="042">
      <subfield code="a">dc</subfield>
   </datafield>
   <datafield ind2=" " ind1=" " tag="720">
      <subfield code="a">Esplugas Segú, Xènia</subfield>
      <subfield code="e">author</subfield>
   </datafield>
   <datafield ind2=" " ind1=" " tag="520">
      <subfield code="a">Treball de Fi de Grau en Criminologia i Polítiques Públiques de Prevenció. Curs 2014-2015</subfield>
   </datafield>
   <datafield ind2=" " ind1=" " tag="520">
      <subfield code="a">Tutora: Clara Cortina Trilla</subfield>
   </datafield>
   <datafield ind2=" " ind1=" " tag="520">
      <subfield code="a">Arrel de la crisi econòmica que s’ha produït al nostre país, ha sorgit la necessitat d’avaluar l’eficàcia i l’eficiència de les actuacions i gestió dels recursos econòmics de les entitats públiques. Tenint en compte que el col·lectiu d’anàlisis d’aquest projecte és un dels més vulnerables i exclosos socialment, pren encara més importància tot aquell estudi que tingui relació amb les activitats i funcions que duen a terme les entitats públiques amb les quals estan en contacte, com és el cas del Centre d’Iniciatives per a la Reinserció (CIRE). Aquest estudi es basa en la creació d’una base de dades de persones que durant l’any 2014 estaven sota una mesura judicial i que el seu expedient formava part de la Borsa de Treball del CIRE. El que pretén aquest projecte és descriure i analitzar les característiques sociodemogràfiques i penals dels interns que el seu expedient va ser donat de baixa de la Borsa de Treball del CIRE, per tal de determinar un perfil sobre la probabilitat d’aconseguir un contracte amb una empresa, ja sigui d’inserció o ordinària, que dependrà de les diferents variables utilitzades al llarg de l’estudi.</subfield>
   </datafield>
   <datafield ind1="8" ind2=" " tag="024">
      <subfield code="a">http://hdl.handle.net/10230/24593</subfield>
   </datafield>
   <datafield tag="653" ind2=" " ind1=" ">
      <subfield code="a">Treball de fi de grau – Curs 2014-2015</subfield>
   </datafield>
   <datafield tag="653" ind2=" " ind1=" ">
      <subfield code="a">Inserció laboral -- Catalunya</subfield>
   </datafield>
   <datafield tag="653" ind2=" " ind1=" ">
      <subfield code="a">Centre d'Iniciatives per a la Reinserció (Catalunya)</subfield>
   </datafield>
   <datafield ind2="0" ind1="0" tag="245">
      <subfield code="a">Determinants sociodemogràfics i penals de la inserció laboral : estudi de la borsa de treball del CIRE</subfield>
   </datafield>
</record></metadata></record></GetRecord></OAI-PMH>